000 007410000a22002050004500
003 LK-CoMWRAF
005 20231218103019.0
008 230817t2004 ||||| |||| 00| 0 eng d
020 _a0553817108
040 _aLK-CoMWRAF
_dLK-CoMWRAF
_eLK-CoMWRAF
041 _aeng
082 _a923
_bCHA
100 _aChavis, Melody Ermachild
245 _aMeena, heroine of Afghanistan:
_bthe martyr who founded RAWA, the Revolutionary Association of the Women of Afghanistan
260 _aLondon:
_bBantam books,
_c2004
300 _axii, 208 p. : ill. ; 22 cm.
_bBibliography & index included
650 _aWOMEN SOCIAL REFORMERS-Afghanistan--Biography.
650 _aRevolutionary Association of the Women of Afghanistan--History.
942 _cBK
999 _c1317
_d1317